Statistics for Single Country Languages

Click here to take the quiz!

General Stats

  • This quiz has been taken 64 times
  • The average score is 8 of 12

Answer Stats

SpeakersLanguage% Correct
918Mandarin
92%
341Hindi
90%
76Vietnamese
90%
128Japanese
84%
79Turkish
74%
73Cantonese
70%
75Tamil
64%
65Italian
62%
81Wu
51%
83Marathi
34%
82Telugu
33%
68Javanese
31%

Score Distribution

Percentile by Number Answered

Percent of People with Each Score

Your Score History

You have not taken this quiz